Las corrupciones / (Record no. 135478)

MARC details
000 -LEADER
campo de control de longitud fija 00514nam a2200193 i 4500
001 - NÚMERO DE CONTROL
campo de control 135478
003 - IDENTIFICADOR DE NÚMERO DE CONTROL
campo de control ES-MaACL
005 - FECHA Y HORA DE LA ÚLTIMA TRANSACCIÓN
campo de control 20230906194906.0
007 - CAMPO FIJO DE DESCRIPCIÓN FÍSICA--INFORMACIÓN GENERAL
campo de control de longitud fija t|
008 - DATOS DE LONGITUD FIJA--INFORMACIÓN GENERAL
campo de control de longitud fija 070718s1966 sp ||||1| spa d
080 ## - NÚMERO DE LA CLASIFICACIÓN DECIMAL UNIVERSAL
Número de la Clasificación Decimal Universal 86-311.2"19"
100 1# - ENTRADA PRINCIPAL--NOMBRE DE PERSONA
Nombre de persona Torbado, Jesús.
9 (RLIN) 110622
245 14 - MENCIÓN DEL TÍTULO
Título Las corrupciones /
Mención de responsabilidad, etc. Jesús Torbado.
250 ## - MENCION DE EDICION
Mención de edición [1ª ed.].
260 ## - PUBLICACIÓN, DISTRIBUCIÓN, ETC.
Lugar de publicación, distribución, etc. Madrid, etc. :
Nombre del editor, distribuidor, etc. Alfaguara,
Fecha de publicación, distribución, etc. [1966]
300 ## - DESCRIPCIÓN FÍSICA
Extensión 434 p. ;
Dimensiones 21 cm.
500 ## - NOTA GENERAL
Nota general Premio Alfaguara 1965.
852 ## - LOCALIZACIÓN
Ubicación ES-MaACL
Número de control de estantería C-30329
Sublocalización o colección R.59822
Holdings
Estatus retirado Estado de pérdida Estado de daño No para préstamo Biblioteca de origen Biblioteca actual Ubicación en estantería Fecha de adquisición Fuente de adquisición Total de préstamos Signatura topográfica completa Código de barras Visto por última vez Precio de reemplazo Tipo de ítem Koha
        Biblioteca del Ateneo de Madrid Biblioteca del Ateneo de Madrid Depósito 2 17/01/2008     C-30329 1141005 23/02/2023 23/02/2023 Libro impreso